000 00799nam a2200277 a 4500
003 AR-BaBNM
005 20251128204249.0
008 082120s2002 ||||||||||||||000 | spa||
040 _cAR-BaBNM
100 1 _aGartner, A.
245 0 0 _aLos niños enseñan a los niños
_baprendiendo mientras enseñan
260 _aBuenos Aires
_bEdiciones Las Paralelas
_c1975
300 _a196 p.
504 _aBibliografía: p. 195-196
650 4 _aRELACION ALUMNO-DOCENTE
650 4 _aRELACIONES ENTRE PARES
650 4 _aTEORIAS DEL APRENDIZAJE
651 4 _aEstados Unidos
653 _aPROCESO DE ENSEÑANZA-APRENDIZAJE
653 _aINNOVACIONES EDUCATIVAS
700 1 _aKohler, M.C.
700 1 _aRiessman, Frank
700 1 _aCalvera, Leonor
_etraductor
942 _cBK
998 _csilvi
999 _c6765
_d6765